1487 1012 1175 1337 1480 1154 1909 1394 1360 1308 1306 1872 1039 1526 1152 1209 1991 1521 1426 1534 1394 1610 1522 1643 1526 1186 1715 1425 1325 1840 1001 1116 1271 1158 1496 1604 1381 1193 1217 1785 1787 1576 1028 1256 1953 1831 1145 1947 1586 1114 1798 1972 1933 1082 1000 1894 1838 1289 1471 1219 1642 1378 1998 1203 1430 1664 1037 1407 1800 1119 1356 1587 1483 1059 1422 1378 1328 1850 1080 1908 1372 1738 1207 1379 1635 1807 1513 1184 1270 1951 1522 1755 1084 1174 1659 1675 1654 1440 1558 BCNSPRNW ULIB Ver.6.0+V

เปลี่ยนเป็นภาษาไทย

Change to English
 แสดงรายละเอียดบรรณานุกรม
  กลับหน้าหลัก

Brief Record : Get Marc (ISO 2709) : E-mail record : QR code < ปิดหน้าต่าง
LEADER : 00000nam 2200000uu 4500
001    13399125229
003     ULIB
008    161121s2559||||th 000 0 tha d
020    ^a9786167902920
050  4 ^aPE1131^bส816ส
100 0  ^aสุนันทา เทศสุข
110 1  ^aโครงการพัฒนานวัตกรรมการสอนภาษาพม่าเพื่อการสื่อสารสำนักงานคณะกรรมการอุดมศึกษา
245 10 ^aสนทนาภาษาพม่าเพื่อการสื่อสารทางวัฒนธรรม /^cสุนันทา เทศสุข
260    ^aพิษณุโลก :^bหจก.โรงพิมพ์ตระกูลไทย,^c2559
300    ^a140 หน้า
650  4 ^aภาษาพม่า^xบทสนทนา
700 0  ^aสุนันทา เทศสุข
945    ^p0^l0^i001549
999    ^aวรรณษา ชูชัยมงคล
รายการนี้ยังไม่มีแท็ก
คุณยังไม่ได้ล็อกอิน คุณสามารถมีกิจกรรมร่วมกับเว็บไซต์ได้ แต่ต้องล็อกอินก่อน ::
  ล็อกอิน

รายการสื่อสารสนเทศ

ลำดับที่ ประเภท เลขเรียก/บาร์โค้ด สถานที่ สถานะ
1. การศึกษาทั่วไป
การศึกษาทั่วไป
PE1131 ส816ส ฉ.1 
  Barcode: 001549
ห้องสมุดวิทยาเขตสวรรค์ประชารักษ์
►หนังสือทั่วไป
บนชั้น

BibComment


ยังไม่เคยถูกคอมเมนท์

คอมเมนท์ทรัพยากรรายการนี้
  คอมเมนท์: สนทนาภาษาพม่าเพื..


 Copyright 2026. Bcnsprnw @Library